000 00646nam a2200229Ia 4500
003 GCL
008 140319s9999 xx 000 0 ara d
040 _aGCL /
_cGCL
082 0 4 _aط
_b813.087
_bم ح
100 1 _aمكتبة لبنان
245 1 0 _aرحلة عنبر /
_cمكتبة لبنان
260 _a[S.N] :
_bمكتبة لبنان
300 _a50 ص
490 _aالحكايات المحبوبة
_v0
650 0 4 _aقصص البطولات
650 0 4 _aالاطفال
650 0 4 _aالادب
650 0 4 _aقصص الاطفال
650 0 4 _aادب الاطفال
650 0 4 _aقصص الخرافات
942 _2ddc
_cBK
999 _c32926
_d32926